| 000 | 00351nam a2200145Ia 4500 | ||
|---|---|---|---|
| 008 | 150201s1989 xx 000 0 und d | ||
| 082 |
_a100 _bS1989S |
||
| 100 | _aSWAMI VED BHARTI | ||
| 245 | _aSUPER CONSICOUS MEDITATION | ||
| 250 | _a4TH | ||
| 260 |
_bU.S.A.PRESS _aDELHI _c1989 |
||
| 300 | _a1-132 | ||
| 650 | _aGENERAL DENTISTRY | ||
| 942 |
_2ddc _cBK |
||
| 999 |
_c3626 _d3626 |
||